00705pam a2200205 a 4500020002200000020002300022040000800045082002600053100002700079245008600106260005900192300002900251650001500280650001500295650001600310700002300326700001800349856006600367856006600433 a0803996667 (U.S.) a8170362210 (India) cDLC00a350 SAG 1991 A070 Or.1 aUphoff, Norman Thomas.10aManaging irrigation :banalyzing and improving the performance of bureaucracies / aNew Delhi ;aNewbury Park :bSage Publications,c1991. a263 p. :bill. ;c22 cm. 0aIrrigation 0aIrrigation 0aBureaucracy1 aRamamurthy, Priti.1 aSteiner, Roy.42uhttp://www.loc.gov/catdir/enhancements/fy0657/90045565-d.html41uhttp://www.loc.gov/catdir/enhancements/fy0657/90045565-t.html